| 000 | 00949nam1a22002411i 4500 | ||
|---|---|---|---|
| 001 | rc\2199318 | ||
| 005 | 20260407101112.0 | ||
| 035 | _a(NLR Aleph) 006510950 | ||
| 090 |
_a6329735 _c6329735 |
||
| 100 | _a20110829d1979 |||y0rusy50 ca | ||
| 101 | 0 | _arus | |
| 102 | _aRU | ||
| 105 | _ay ac ||||| | ||
| 200 | 1 |
_aМонтеру и электромеханику сельской телефонной связи _eРек. библиогр. указ. лит. |
|
| 210 |
_aМосква _cЦНТИ "Информсвязь" _d1979- |
||
| 215 | _d20 | ||
| 300 | _aВ надзаг.: М-во связи СССР, ЦНТИ "Информсвязь" | ||
| 606 |
_aТелефонная связь, сельская _jУказатели литературы _2psbo |
||
| 712 | 0 | 2 |
_a"Информсвязь", центр _cМосква _9351995 _3RU\NLR\AUTH\889928181 |
| 801 | 0 |
_aRU _bNLR _gpsbo |
|
| 801 | 1 |
_aRU _bELAR _2rusmarc |
|
| 852 |
_aNLR _jС К-1/134 |
||
| 942 | _cBOOK | ||